Estadísticas para Países con el Mayor Número de Multimillonarios

Haz click aquí para intentar la prueba.

Estadísticas generales

  • Esta prueba ha sido intentada 3.936 veces
    (3.472 desde el último reinicio)
  • La puntuación promedio es 17 de 21

Estadísticas de respuestas

#País% Correcto
565Estados Unidos
100%
386China
98%
25España
96%
38Francia
96%
114Alemania
95%
96Rusia
95%
33Japón
93%
39Canadá
92%
42Italia
91%
54Reino Unido
90%
101India
87%
43Brasil
86%
33Australia
85%
38Corea del Sur
78%
36Suiza
78%
31Suecia
75%
20Indonesia
65%
29Turquía
56%
21Singapur
53%
20Tailandia
51%
31Taiwán
42%

Distribución de puntuación

Porcentaje por número respondido

Porcentaje de gente con cada puntuación

Historial de tus puntuaciones

No has intentado esta prueba desde el último reinicio